| 000 | 00923nam a2200253Ia 4500 | ||
|---|---|---|---|
| 001 | 12573 | ||
| 003 | GE_BSU | ||
| 008 | 181216s||||||||xx |||||||||||||| ||und|| | ||
| 020 | _a5756706703 | ||
| 040 | _cGE_BSU | ||
| 080 | _a327 | ||
| 245 | _aИстория Международных Отношений; Т1. От Вестфальского мира до окончания первой мировой войны | ||
| 245 | _cПод.ред:А.В.Торкунова; М.М.Наринского. | ||
| 260 | _aМосква | ||
| 260 | _bАспект-Пресс | ||
| 260 | _c2014 | ||
| 300 | _a400стр.24см. | ||
| 541 | _h63Л. | ||
| 653 | _aИстория Международных Отношений. | ||
| 653 | _aОт Вестфальского мира до окончания первой мировой войны | ||
| 653 | _aПолитика | ||
| 653 | _aპოლიტიკა | ||
| 942 | _cBK | ||
| 999 |
_c45746 _d45746 |
||